000 00805nam a2200181Ia 4500
008 090124s9999 xx 000 0 und d
082 _b25133
_a3183
100 _aनेने मधू
245 _a प्रतिक्रिया समकालीन प्रश्र्नांवरील लेखांचा संग्रह
250 _a1
260 _c1986
300 _a72
600 _aनेने मधू
630 _a प्रतिक्रिया समकालीन प्रश्र्नांवरील लेखांचा संग्रह
700 _aनेने मधू
730 _a प्रतिक्रिया समकालीन प्रश्र्नांवरील लेखांचा संग्रह
942 _cBOOK
999 _c138663
_d138663